000 003850000a22001450004500
001 004351
003 MACL
040 _aMACL
090 _c16344
_d16343
100 _aShastri, J.L.
245 _aAncient IndianTradition & Mythology Volume 35 Part 1
_bThe Brahma Purana Part 3
_cJ.L. Shastri
260 _aMotilal Banarsidass Publishers,
_c2002
650 _aReligion
942 _k295
_cBook
999 _c16242
_d16242